000 01711nam a22002177a 4500
999 _c63361
_d63361
003 Ge_BSU
005 20250925131030.0
008 250924s1967 ge ||||| |||| 00| 0 geo d
041 _ageo
080 _a331.101.262(479.22) ბ-13
100 _aბაბილოძე, კასიანე
_925874
245 _aშრომითი რესურსების გამოყენებისა და დარგობრივი სტრუქტურის საკითხები მეჩაიეობა-მეციტრუსეობის კოლმეურნეობებში /
_cკასიანე ბაბილოძე, კონსტანტინე ღლონტი; საქ. სსრ მეცნ. აკად., ბათუმის სამეცნ.-კვლევ. ინ-ტი.
264 _aთბილისი :
_bმეცნიერება,
_c1967.
300 _a97 გვ. :
_bცხრილ. ;
_c21 სმ.
653 _aსაქართველოს შრომითი რესურსები
653 _aსაქართველოს მეჩაიეობის კოლმეურნეობები.
653 _aსაქართველოს მეციტრუსეობის კოლმეურნეობები.
700 _aღლონტი, კონსტანტინე
_eავტორი
_925875
710 _aსაქართველოს სსრ მეცნიერებათა აკადემია.
_bბათუმის სამეცნიერო-კვლევითი ინსტიტუტი.
_914533
942 _2udc
_cᲬᲘᲒᲜᲘ